LEADER 03286oas 2201285 a 450 001 9910144295703321 005 20260127110534.0 011 $a1524-475X 035 $a(DE-599)ZDB2011990-2 035 $a(OCoLC)41070319 035 $a(CONSER)sn 99003680 035 $a(CKB)954925601697 035 $a(DE-599)2011990-2 035 $a(EXLCZ)99954925601697 100 $a19990330a19939999 uy a 101 0 $aeng 135 $aurcnu|||||||| 181 $ctxt$2rdacontent 182 $cc$2rdamedia 183 $acr$2rdacarrier 200 10$aWound repair and regeneration 210 $aSt. Louis, MO $cMosby.$dİ1993- 210 3 $aMalden, MA $cBlackwell Pub 215 $a1 online resource 300 $aRefereed/Peer-reviewed 300 $aTitle from table of contents screen (Synergy, viewed Dec. 30, 2003). 311 08$a1067-1927 517 1 $aWound rep reg 531 0 $aWound repair regen. 606 $aWound healing$vPeriodicals 606 $aRegeneration (Biology)$vPeriodicals 606 $aRegeneration 606 $aWound Healing 606 $aWound Care$2ebps 606 $aMolecular Biology$2ebps 606 $aRegeneration (Biology)$2fast$3(OCoLC)fst01093042 606 $aWound healing$2fast$3(OCoLC)fst01181480 606 $aBlessure$2rasuqam 606 $aCicatrisation$2rasuqam 606 $aGue?rison$2rasuqam 606 $aRe?ge?ne?ration (Biologie)$2rasuqam 608 $aPeriodical. 608 $aFulltext. 608 $aInternet Resource. 608 $aPeriodical. 608 $aPeriodicals.$2fast 608 $aPeriodicals.$2lcgft 608 $aPe?riodique e?lectronique (Descripteur de forme)$2rasuqam 608 $aRessource Internet (Descripteur de forme)$2rasuqam 615 0$aWound healing 615 0$aRegeneration (Biology) 615 2$aRegeneration. 615 2$aWound Healing. 615 7$aWound Care. 615 7$aMolecular Biology. 615 7$aRegeneration (Biology) 615 7$aWound healing. 615 7$aBlessure. 615 7$aCicatrisation. 615 7$aGue?rison. 615 7$aRe?ge?ne?ration (Biologie) 676 $a617 712 02$aWound Healing Society, 712 02$aEuropean Tissue Repair Society, 712 02$aNihon So?sho? Chiyu Gakkai, 801 0$bNSD 801 1$bNSD 801 2$bOCL 801 2$bOCLCQ 801 2$bWAU 801 2$bOCLCQ 801 2$bVRC 801 2$bUQ1 801 2$bNSD 801 2$bOCLCQ 801 2$bCLU 801 2$bOCLCQ 801 2$bOCLCF 801 2$bCASUM 801 2$bCSU 801 2$bUKMGB 801 2$bVT2 801 2$bOCLCQ 801 2$bNLGGC 801 2$bOCLCQ 801 2$bWT2 801 2$bOCLCQ 801 2$bBUF 801 2$bOCLCQ 801 2$bEZC 801 2$bU3W 801 2$bOCLCQ 801 2$bTOF 801 2$bWYU 801 2$bOCLCQ 801 2$bOCLCO 801 2$bNJT 801 2$bOCLCQ 801 2$bOCLCO 801 2$bOCLCA 801 2$bSFB 801 2$bOCLCA 801 2$bUBY 801 2$bOCLCQ 801 2$bOCLCL 801 2$bOCLCQ 906 $aJOURNAL 912 $a9910144295703321 996 $aWound Repair and Regeneration$92089293 997 $aUNINA